Ananthanarayan and Paniker's Textbook of Microbiology for Nurses / (Record no. 1392)

MARC details
000 -LEADER
Fixed length control field 00600nam a2200205Ia 4500
003 - CONTROL NUMBER IDENTIFIER
Control field IIN
005 - DATE AND TIME OF LATEST TRANSACTION
Control field 20250429115012.0
008 - FIXED-LENGTH DATA ELEMENTS--GENERAL INFORMATION
Fixed length control field 231217s9999 xx ad 001 0 eng d
020 ## - INTERNATIONAL STANDARD BOOK NUMBER / ISBN
Price Rs.635.00
International Standard Book Number 9789393330000
040 ## - CATALOGING SOURCE
Original cataloging agency IIN
Language of cataloging English
082 ## - DEWEY DECIMAL CLASSIFICATION NUMBER
Classification number 579.0282
Book Number SAX
245 1# - TITLE STATEMENT
Title Ananthanarayan and Paniker's Textbook of Microbiology for Nurses /
Statement of responsibility edited by Sonal Saxena
250 ## - EDITION STATEMENT
Edition statement 3rd ed.
260 ## - IMPRINT
Place of publication Hyderabad
Name of publisher University Press
Date of publication 2022
300 ## - PHYSICAL DESCRIPTION
Page / Vol. No [2], 1-322p.
Other physical details col. ill.
500 ## - GENERAL NOTE
General note Includes Index
650 1# - SUBJECT ADDED ENTRY--TOPICAL TERM
Topical term Microbiology
Form subdivision Nursing
700 ## - ADDED ENTRY--PERSONAL NAME
Personal name Saxena, Sonal (ed.)
942 ## - ADDED ENTRY ELEMENTS (KOHA)
Koha item type Books
Holdings
Withdrawn status Lost status Source of classification Damaged status Not for loan Collection code Home library Current library Shelving location Date acquired Price Total Checkouts Call number Accession number Date last seen Copy number Price effective from Koha item type
    Dewey Decimal Classification       IDEAL INSTITUTE OF NURSING IDEAL INSTITUTE OF NURSING General Stacks 17/12/2023 635.00   579.0282 SAX 1386 17/12/2023 1 17/12/2023 Books
    Dewey Decimal Classification       IDEAL INSTITUTE OF NURSING IDEAL INSTITUTE OF NURSING General Stacks 17/12/2023 635.00   579.0282 SAX 1387 17/12/2023 2 17/12/2023 Books
    Dewey Decimal Classification       IDEAL INSTITUTE OF NURSING IDEAL INSTITUTE OF NURSING General Stacks 17/12/2023 635.00   579.0282 SAX 1388 17/12/2023 3 17/12/2023 Books
    Dewey Decimal Classification     Purches Book IDEAL INSTITUTE OF NURSING IDEAL INSTITUTE OF NURSING General Stacks 11/03/2025 635.00   579.0282 SAX 1931 29/04/2025 4 29/04/2025 Books
© Ideal Institute Of Nursing, All rights reserved.         Powered by Koha